000 00835nam a22002297a 4500
999 _c5749
_d5749
003 AR-CdUCM
008 190313b ||||| |||| 00| 0 spa d
040 _aMUNICIPALIDAD PROVINCIAL DEL CUSCO
_cBIBLIOTECA MUNICIPAL DEL CUSCO
082 _a944.045 /
_bV731
100 _aVilleffose, Louis
_917107
245 _aLa izquierda intelectual francesa :
_bEntre las dos revoluciones del siglo XX /
260 _aBuenos Aires :
_bBartolomé,
_c1961.
300 _a111 páginas ,
_c18 cm.
440 _aBiblioteca de la libertad
_n7
_917108
500 _aDonación familia Nieto
505 _aContenido: La izquierda intelectual francesa entre las dos revoluciones del siglo XX -- Siete años con los comunistas.
650 _aHistoria
_9136
650 _aFrancia
_91444
650 _aRusia
_9499
942 _2ddc
_cLIBROS
945 _aJavier